Form Follows Freedom : Architecture for Culture in Poland 2000+ /

Guardado en:
Detalles Bibliográficos
Autores principales: Purchla, Jacek (Autor, Editor), Sepioł, Janusz (Autor, Editor), Arczyńska, Monika (Autor), Malkowski, Tomasz (Autor), Mozga-Górecka, Maja (Autor)
Formato: Libro
Lenguaje:inglés
Publicado: Kraków : International Cultural Centre, 2015
Edición:1. vydanie
Materias:
Etiquetas: Agregar Etiqueta
Sin Etiquetas, Sea el primero en etiquetar este registro!

MARC

LEADER 00000nam a22000003a 4500
001 0068247
003 SK-STU
005 20190402111851.2
007 ta
008 181105s ----xo-----e------000-0-----d
020 |a 978-83-63463-35-9 
040 |a STU  |b slo 
041 0 |a eng 
044 |a pl 
100 1 |a Purchla, Jacek  |4 edt  |4 aut 
245 1 0 |a Form Follows Freedom :  |b Architecture for Culture in Poland 2000+ /  |c ed. Jacek Purchla, Monika Arczyńska, Tomasz Malkowski, Maja Mozga-Górecka ; ed. Janusz Sepioł 
250 |a 1. vydanie 
260 |a Kraków :  |b International Cultural Centre,  |c 2015 
300 |a 272 s. 
650 0 7 |a súčasná architektúra 
650 0 7 |a budovy pre kultúru a voľný čas 
650 0 7 |a architektúra poľská 
650 0 7 |a Varšava 
650 0 7 |a Krakov 
700 1 |a Sepioł, Janusz  |4 edt  |4 aut 
700 1 |a Arczyńska, Monika  |4 aut 
700 1 |a Malkowski, Tomasz  |4 aut 
700 1 |a Mozga-Górecka, Maja  |4 aut 
996 |b 284AU07714  |c A* 10966/U  |l AAKNAR  |s A  |a 24  |w 0068247_0001